| 000 | 00679nam a22002657a 4500 | ||
|---|---|---|---|
| 001 | 22795 | ||
| 003 | UA-OsUOA | ||
| 005 | 20201129195813.0 | ||
| 007 | ta | ||
| 008 | 20031225b un ||||| |||| 00| 0 ukr d | ||
| 020 | _a5-250-01813-0 | ||
| 040 |
_aUA-OsUOA _brus _cUA-OsUOA _dUA-OsUOA |
||
| 041 | _arus | ||
| 044 | _aRU | ||
| 080 | _a215 | ||
| 090 |
_a215 _bВ28 |
||
| 100 | _aВелькер М. | ||
| 245 | _aХристианство и плюрализм | ||
| 260 |
_aМосква _bРеспублика _c2001 |
||
| 300 | _a207 с. | ||
| 650 | 7 | _2UDC | |
| 942 |
_cBK _2udc |
||
| 955 | _a0 | ||
| 999 |
_c309024 _d309024 |
||